MARC

LEADER 00000nam0a2200000 4500
001 297131
005 20231102000957.0
020 |a RU  |b 84-58825 
035 |a (RuTPU)RU\TPU\book\322251 
090 |a 297131 
100 |a 20150605d1984 km y0rusy5003 ca 
101 0 |a rus 
102 |a RU 
105 |a y z 000zy 
200 1 |a Таблицы для гидравлического расчета водопроводных труб  |e справочное пособие  |f Ф. А. Шевелев, А. Ф. Шевелев 
205 |a 6-е изд., доп. и перераб. 
210 |a Москва  |c Стройиздат  |d 1984 
215 |a 117 с. 
606 1 |a Водопроводные трубы  |x Диаметры  |2 stltpush  |3 (RuTPU)RU\TPU\subj\2946  |9 31438 
610 1 |a гидравлический расчет 
610 1 |a таблицы 
610 1 |a справочники 
610 1 |a стальные трубы 
610 1 |a чугунные трубы 
610 1 |a железобетонные трубы 
610 1 |a стеклянные трубопроводы 
675 |a 628.142(083.5)  |z rus  |v 3 
700 1 |a Шевелев  |b Ф. А.  |g Фирс Александрович  |4 070 
701 1 |a Шевелев  |b А. Ф.  |g Александр Фирсович  |4 070 
801 0 |a RU  |b RuMRKP  |c 19950704  |g psbo 
801 1 |a RU  |b 63413507  |c 20150605 
801 2 |a RU  |b 63413507  |c 20180529  |g RCR 
942 |c BK